=LDR 00000nam 2200000 4500 =001 INLIS000000000034918 =005 20130612140817 =008 ***********************************ind** =035 ##$$0010-061300000034918 =041 ##$$a ind =082 ##$$a 028.5 =090 ##$$a 028.5, Tri b =100 ##$$a Trimansyah, Bambang =245 ##$$a Bincang riang tetang binatang buas, Bambang trimansyah;editor,Rozalena agustein,Mediana frikasari =260 ##$$a 2007 $b Bogor =300 ##$$a 28 hlm, Ilus, 24 cm =650 ##$$a Bacaan kanak-Kanak =700 ##$$a Agustin, Rozalena =850 ##$$a NBPNMAT